000 01141cam a22003134a 4500
001 13651321
003 ARRUPE
005 20220404093155.0
008 040712s2005 mau b 001 0 eng
010 _a 2004016178
020 _a1405107383 (hardcover : alk. paper)
020 _a1405107391 (pbk. : alk. paper)
040 _aDLC
_cDLC
_dDLC
042 _apcc
050 0 0 _aBD161
_b.C6545 2005
082 0 0 _a121
_222
245 0 0 _aContemporary debates in epistemology /
_cedited by Matthias Steup and Ernest Sosa.
260 _aMalden, MA :
_bBlackwell Pub.,
_c2005.
300 _ax, 348 p. ;
_c26 cm.
440 0 _aContemporary debates in philosophy ;
_v3
_951163
504 _aIncludes bibliographical references and index.
650 0 _aKnowledge, Theory of.
700 1 _aSteup, Matthias.
_951164
700 1 _aSosa, Ernest.
_917009
856 4 1 _3Table of contents
_uhttp://www.loc.gov/catdir/toc/ecip0420/2004016178.html
906 _a7
_bcbc
_corignew
_d1
_eecip
_f20
_gy-gencatlg
942 _2lcc
_cMONOGRAPH
999 _c131222
_d131222